| 000 | 00708nam a22001457a 4500 | ||
|---|---|---|---|
| 020 | _a0-7475-6218-0 | ||
| 082 |
_a823 _bROW/H |
||
| 100 | _aROWLING, J K | ||
| 245 |
_aHARRY POTTER _bAND THE CHAMBER OF SECRETS |
||
| 260 |
_aLONDON _bBLOOMSBURY _c2002 |
||
| 300 | _a251 | ||
| 520 | _aThe second instalment of boy wizard Harry Potter's adventures at Hogwarts School of Witchcraft and Wizardry, based on the novel by JK Rowling. A mysterious elf tells Harry to expect trouble during his second year at Hogwarts, but nothing can prepare him for trees that fight back, flying cars, spiders that talk and deadly warnings written in blood on the walls of the school. | ||
| 650 |
_aNOVEL _zUNITED KINGDOM |
||
| 942 | _cBK | ||
| 999 |
_c3872 _d3872 |
||